000 00526nam a2200217Ia 4500
003 OSt
005 20230508094812.0
008 210423s2010 xx 000 0 und d
020 _a9788126525713
040 _cAL
041 _aeng
082 _a543.0858 HOLJ
_223
100 _aHOLLAS (J Michael).
_999760
245 _aModern spectroscopy.
250 _a4
260 _aNew Delhi
_bJohn Wiley & Sons
_c2010
300 _axxiii,452
_bPB
365 _b1095
_cINR
906 _aModern ; spectroscopy.
942 _2ddc
_cBK
999 _c162391
_d162391